000 00969cas a2200277 4500
008
022 0 _a0008543X
049 _aMAIN
090 _aRC261
_bCAN
245 0 0 _aCancer :
_ban interdisciplinary international journal of the American Cancer Society vol. 74, No. 9, November 1, 1994. /
_cedited by Joseph S. Pagano... [et al.]
260 _aPhiladelphia,
_bPublished for the American Cancer Society by J. B. Lippincott Company,
_c1994
300 _avarious pagings, 3282 p. :
_bill.
_c28 cm.
310 _aTwice a monthly
650 0 _aCancer
_vPeriodicals.
650 0 _aCancer
_xCytopathology
_vPeriodicals.
650 2 _aNeoplasms
_vPeriodicals.
650 1 7 _aOncologie.
_2gtt
650 1 7 _aKanker.
_2gtt
700 _aPagano, Joseph S.
710 2 _aAmerican Cancer Society.
907 _a.b10340063
_b26-03-14
_c18-03-14
003
005 20230120204135.0
040 _cNUST
942 _cBOOKS
_kRC261
_mCAN
999 _c117844
_d117844